| 000 | 00722nam a2200277Ia 4500 | ||
|---|---|---|---|
| 001 | Z_3312 | ||
| 003 | CHAP | ||
| 008 | 220113s1990 xx 000 0 und d | ||
| 010 | _a166421 | ||
| 040 | _cCHAP | ||
| 082 | _a636.0896 B52y | ||
| 100 |
_aBiberstein, Ernst L. _912191 |
||
| 245 |
_aTratado de microbiologĂa veterinaria / _cpor Ernst L. Biberstein y Yuan Chung Zee |
||
| 260 |
_aZaragoza : _bAcribia, _c1990 |
||
| 300 | _a673 p. ; ilus. | ||
| 440 | _a | ||
| 500 | _aTrad. De : Review of veterinary microbiology | ||
| 503 | _a188999 | ||
| 650 |
_aMicrobiologĂa I. Zee, Yuan Chung _9140505 |
||
| 901 | _a636.0896 B52y | ||
| 902 | _aA | ||
| 910 | _a1990 | ||
| 942 | _c1 | ||
| 942 | _cc1 | ||
| 999 |
_c166421 _d166421 |
||